| 000 | 00928nam a22003250a 4500 | ||
|---|---|---|---|
| 001 | PT35508 | ||
| 003 | AR-LpoUNG | ||
| 005 | 20210131230308.0 | ||
| 008 | 191001s2007||||sp |||||||||||||||||spa d | ||
| 020 |
_a9788483328347 _c$33,50 |
||
| 040 |
_aAR-LpoUNG _bspa _cAR-LpoUNG _eaacr |
||
| 044 | _asp | ||
| 082 | 0 | _aR483 73dic | |
| 100 | 1 | _aPabón S. de Urbina, José M. | |
| 245 | 1 | 0 |
_aDiccionario manual griego : _bgriego clásico - español |
| 250 | _a20ma. ed. | ||
| 260 |
_aBarcelona : _bVox, _c2007. |
||
| 300 |
_axvi, 711 p. : _btbls. |
||
| 505 | 0 | _aContiene un apéndice gramatical | |
| 650 | 4 | _aDICCIONARIOS | |
| 650 | 4 | _aLENGUA ESPAÑOLA | |
| 650 | 4 | _aLENGUA GRIEGA | |
| 650 | 4 | _aMATERIAL DE REFERENCIA | |
| 651 | 4 | _aDOCUMENTOS TEORICOS O METODOLOGICOS | |
| 653 | _aDICCIONARIOS BILINGÜES | ||
| 653 | _aDICCIONARIOS DE GRIEGO | ||
| 653 | _aDICCIONARIOS DE INGLES | ||
| 905 | _a35508 | ||
| 942 | _cLSALA | ||
| 999 |
_c2665 _d2665 |
||